| 000 | 00372pab a2200133 454500 | ||
|---|---|---|---|
| 008 | 180718b2005 xxu||||| |||| 00| 0 eng d | ||
| 100 | _aRobinson, David | ||
| 245 | _aThe search for community cohesion: key themes and dominant concepts of the public policy agenda | ||
| 260 | _c2005 | ||
| 300 | _ap.1411-427. | ||
| 362 | _aJul | ||
| 773 | _aUrban Studies | ||
| 909 | _a66049 | ||
| 999 |
_c66049 _d66049 |
||